00986nam a2200277 i 450000100060000000300090000600500170001500700030003200800410003502000180007608000130009408000120010710000310011924501170015025000120026726000420027930000460032149000260036760000340039365100400042770000350046783000340050285200330053699900170056995201220058666527ES-MaACL20230906165706.0t|040227s2002 sp ||||1| spa d a84-930446-3-6 a929Boves a987"18"1 aSemprún, José.910541913aLa División Infernal b: Boves, vencedor de Bolívar / cJosé Semprún ; [dibujos, Julián Ernesto Aron]. a1ª ed. aMadrid : bFalcata Ibérica, c2002. a319 p., 4 p. de lám. : bil. ; c24 cm.1 aHistorias de España14aBoves, José Tomás.931124 4aVenezuela-xHistoria-yS.XIX.995211 aAron, Julián Ernesto.9231510 aHistorias de España9183016 aES-MaACLjL-27001 bR.132445 c66527d66527 00104070aATENEOMbATENEOMcDEPO2d2008-01-17eSCl0oL-27001p1069689r2023-02-23 00:00:00w2023-02-23yMONOGRAFIA